|
|
|
|
| LEADER |
00000cam a2200000 a 4500 |
| 001 |
2843 |
| 005 |
20230308155901.0 |
| 008 |
000000|1872 ||||||||r|||||||||||spa|| |
| 040 |
|
|
|b spa
|
| 041 |
1 |
|
|a spa
|
| 082 |
0 |
|
|a 635
|
| 100 |
1 |
|
|a Hidalgo Tablada, José de
|9 14682
|
| 245 |
|
|
|a Tratado de los prados naturales y artíficiales
|c José de Hidalgo Tablada
|h imp
|
| 250 |
|
|
|a 2a ed.
|
| 264 |
|
|
|a Madrid
|b Librería de Cuesta
|c 1872
|
| 300 |
|
|
|a 283 páginas:
|b ilu
|c 17 cm
|
| 504 |
|
|
|a incl. ref.
|
| 650 |
|
|
|a Prados
|9 14683
|
| 650 |
|
|
|a Prados naturales
|9 14684
|
| 650 |
|
|
|a Prados artificiales
|9 14685
|
| 852 |
|
|
|a UC-CDJBV
|c ESTANTERIA CERRADA
|f Donación
|k margarita.gutierrez
|l 1
|m Limitada
|p 00000000
|q 8.00
|t 2843
|b 1
|d CDRC
|e CDRC
|g 635 ESTANTERIA CERRADA
|z 0000-00-00
|
| 942 |
|
|
|c BK
|
| 999 |
|
|
|c 8004
|d 8004
|